000 00240 a2200097 4500
001 42891
100 _aAzam Ikram
245 _aPakistanis geopolitical strategic compulsions
260 _aLahore
_bProgressive pub
_c
090 _c26778
_d26778
942 _aNUST-CAE
_cM
_c18644
999 _c277964
_d277964